000 00604nam a2200217Ia 4500
005 20260429111902.0
008 260429s9999||||xx |||||||||||||| ||und||
020 _a9788119642878
041 _aEnglish
082 _a930.1
_bPET
100 _aPetrie, W. M. Flinders
245 0 _aMethods and aims in archaeology /
_cW. M. Flinders Petrie
260 _aJaipur :
_bHilltop Publications,
_c2025.
300 _axiv, 160 p.; hb
650 _a Archaeological methods
650 _a Excavation
650 _a Historical studies
650 _a Research methods
650 _aArchaeology
942 _cTB
999 _c51276
_d51276